000 01609nam a22003857a 4500
003 CHAP
005 20220329143505.0
008 080125s1992 mx a r 00010 spa d
010 _a97434
011 _a98406
020 _a9683627234
035 _a109091
040 _cCHAP
082 1 4 _a580.74097252
_bP96
100 1 _aPulido, Ma. Teresa P.
_992987
245 1 0 _aGuía ilustrada de las plantas del cerro Tetzcutzingo :
_bespecies comunes en el Valle de México
_c/por Ma. Teresa P. Pulido y Stephen D. Koch
260 _aMéxico, D.F. :
_bUNAM, Instituto de Biologia,
_c1992
300 _a237 p. :
_bilus.
490 0 _aCuadernos del Instituto de Biología
_v; 17
590 _aBATCH-UPD
_b10
_c20130110
_lUCH01
_h0945
590 _aBATCH-UPD
_b10
_c20130410
_lUCH01
_h0600
590 _aBATCH-UPD
_b10
_c20130914
_lUCH01
_h0738
590 _aCONVERSION
_b10
_c20130109
_lUCH01
_h1354
650 1 4 _aBotánica
_xClasificación.
_914516
650 1 4 _aBotánica
_xMéxico (Edo.)
_914593
700 0 _aKoch, Stephen D.
_963582
830 0 _aCuadernos del Instituto de Biología
_v; 17
_929841
901 _aBK
942 _cLIBRO
949 _a580.74097252 P96
_bBC
_cLIBRO
_d33724002117629
_eLIBRO
_fc.2
_gI.c/e
_h111737
_i109091
_sb
949 _a580.74097252 P96
_bBC
_cLIBRO
_d33724002118397
_eLIBRO
_gI.c/e
_h111729
_i109091
_sb
949 _a580.74097252 P96
_bBC
_cLIBRO
_d33724002162512
_eLIBRO
_fc.3
_gI.c/e
_h112138
_i109091
_sb
949 _a580.74097252 P96
_bBC
_cLIBRO
_d33724002162553
_eLIBRO
_fc.4
_gI.c/e
_h112143
_i109091
_sb
949 _a580.74097252 P96
_bBC
_cLIBRO
_d33724002162595
_eLIBRO
_fc.5
_gI.c/e
_h112046
_i109091
_sb
999 _c97434
_d97434